| 000 | 00000nam 2200000zi 4500 |
| 001 | 9.946149 |
| 003 | CaOODSP |
| 005 | 20250822135131 |
| 006 | m o d f |
| 007 | cr |n||||||||| |
| 008 | 241213e20240331abc ob f000 0 eng d |
| 020 | |a9780660748900 |
| 040 | |aCaOODSP|beng|erda|cCaOODSP |
| 043 | |an-cn-bc|an-cnp-- |
| 086 | 1 |aIu98-4/4-2025E-PDF |
| 245 | 00|aEvaluation of the Indigenous Business Development Services (IBDS). |
| 264 | 1|aEdmonton AB : |bPrairies Economic Development Canada, |cMarch 31, 2024. |
| 264 | 4|c©2024 |
| 300 | |a1 online resource (18 pages) |
| 336 | |atext|btxt|2rdacontent |
| 337 | |acomputer|bc|2rdamedia |
| 338 | |aonline resource|bcr|2rdacarrier |
| 500 | |aIssued also in French under title: Évaluation des Services de développement des entreprises autochtones (SDEA). |
| 504 | |aIncludes bibliographical references. |
| 650 | 5|aFederal aid to Indigenous peoples|zCanada, Western|xEvaluation. |
| 650 | 5|aIndigenous business enterprises|zCanada, Western|xFinance|xEvaluation. |
| 650 | 0|aFederal aid to small business|zCanada, Western|xEvaluation. |
| 650 | 0|aIndigenous peoples|xServices for|zCanada, Western|xEvaluation. |
| 710 | 1 |aCanada. |bPrairies Economic Development Canada, |eissuing body. |
| 775 | 08|tÉvaluation des Services de développement des entreprises autochtones (SDEA).|w(CaOODSP)9.946151 |
| 856 | 40|qPDF|s839 KB|uhttps://publications.gc.ca/collections/collection_2025/prairiescan/Iu98-4-4-2025-eng.pdf |
| 856 | 4 |qHTML|sN/A|uhttps://www.canada.ca/en/prairies-economic-development/corporate/transparency/audit-evaluation.html |